The smoke and the fire : (Record no. 185739)
[ view plain ]
| 000 -LEADER | |
|---|---|
| fixed length control field | 01276 a2200217 4500 |
| 003 - CONTROL NUMBER IDENTIFIER | |
| control field | Nust |
| 005 - DATE AND TIME OF LATEST TRANSACTION | |
| control field | 20230130131940.0 |
| 010 ## - LIBRARY OF CONGRESS CONTROL NUMBER | |
| LC control number | 81138581 |
| 020 ## - INTERNATIONAL STANDARD BOOK NUMBER | |
| International Standard Book Number | 0283986824 |
| 040 ## - CATALOGING SOURCE | |
| Transcribing agency | Nust |
| 082 00 - DEWEY DECIMAL CLASSIFICATION NUMBER | |
| Classification number | 909.81 |
| 100 1# - MAIN ENTRY--PERSONAL NAME | |
| Personal name | Terraine, John. |
| 9 (RLIN) | 48958 |
| 245 14 - TITLE STATEMENT | |
| Title | The smoke and the fire : |
| Remainder of title | myths and anti-myths of war, 1861-1945 / |
| Statement of responsibility, etc. | John Terraine. |
| 260 ## - PUBLICATION, DISTRIBUTION, ETC. | |
| Place of publication, distribution, etc. | London : |
| Name of publisher, distributor, etc. | Sidgwick and Jackson, |
| Date of publication, distribution, etc. | 1980. |
| 300 ## - PHYSICAL DESCRIPTION | |
| Extent | 240 p., [16] p. of plates : |
| Other physical details | ill. ; |
| Dimensions | 25 cm. |
| 505 ## - FORMATTED CONTENTS NOTE | |
| Formatted contents note | Myth and Legend (Page-17), The Smoke and The Fire (Page-22), The Great Casualty Myth (Page-35), An Aside on Casualties (Page-40), Anti-Myth (Page-43), Myth Making (Page-48), Anti-Myth (Page-63), Anti-Myth (Page-67), Aside (Page-84), Anti-Myth (Page-89), A Fount of Myth (Page-100), Anti-Myth (Page-111), Anti-Myth (Page-127), Somme Myths (Page-130), Somme Myths (Page-143), Somme Myths (Page-148), Somme Myths (Page-161), Anti-Myth (Page-168), Somme Myths (Page-170), Anti-Myth (Page-182), Myths and Anti-Myth (Page-187), The Futile Myth (Page-204), Anti-Myth (Page-219), The Futile Myth (Page-220). |
| 650 #0 - SUBJECT ADDED ENTRY--TOPICAL TERM | |
| Topical term or geographic name entry element | World War, 1914-1918 |
| General subdivision | Campaigns. |
| 650 #0 - SUBJECT ADDED ENTRY--TOPICAL TERM | |
| Topical term or geographic name entry element | World War, 1939-1945 |
| General subdivision | Campaigns. |
| 651 #0 - SUBJECT ADDED ENTRY--GEOGRAPHIC NAME | |
| Geographic name | United States |
| General subdivision | History |
| Chronological subdivision | Civil War, 1861-1865 |
| General subdivision | Campaigns. |
| 9 (RLIN) | 7712 |
| 942 ## - ADDED ENTRY ELEMENTS (KOHA) | |
| Source of classification or shelving scheme | |
| Koha item type | Book |
| Withdrawn status | Lost status | Source of classification or shelving scheme | Damaged status | Not for loan | Permanent Location | Current Location | Shelving location | Date acquired | Full call number | Barcode | Date last seen | Price effective from | Koha item type | Public note |
|---|---|---|---|---|---|---|---|---|---|---|---|---|---|---|
| Military College of Signals (MCS) | Military College of Signals (MCS) | General Stacks | 12/12/2016 | 909.81,TER | MCS21580 | 12/08/2016 | 12/12/2016 | Book | Almirah No.58, Shelf No.5 |
